|
|
|
|
| LEADER |
01533cam a2200373 a 4500 |
| 001 |
c000398211 |
| 003 |
CARM |
| 005 |
20141014122248.0 |
| 008 |
141014s1996 ctua b 000 0 eng d |
| 019 |
1 |
|
|a 22445826
|5 LACONCORD2021
|
| 020 |
|
|
|a 0879837225 (pbk.)
|
| 035 |
|
|
|a (OCoLC)38300121
|5 LACONCORD2021
|
| 040 |
|
|
|a VCAV
|b eng
|c VCAV
|
| 050 |
|
4 |
|a RC692
|b .C52 1999
|
| 082 |
0 |
4 |
|a 616.136071
|2 21
|
| 100 |
1 |
|
|a Challem, Jack.
|
| 245 |
1 |
0 |
|a Homocysteine :
|b the new cholesterol : its role in treating cancer, arthritis, prostate problems, asthma and many other chronic conditions /
|c Jack Challem and Victoria Dolby.
|
| 246 |
3 |
|
|a Homocysteine, the new cholesterol
|
| 260 |
|
|
|a New Canaan, Conn. :
|b Keats Pub.,
|c c1996.
|
| 300 |
|
|
|a 48 p. :
|b ill. ;
|c 22 cm.
|
| 490 |
1 |
|
|a Good health guide
|
| 500 |
|
|
|a "Learn how to protect your heart and brain from this disease-producing culprit"--Cover.
|
| 504 |
|
|
|a Bibliography: p. 46-48.
|
| 650 |
|
0 |
|a Arteriosclerosis
|x Etiology.
|
| 650 |
|
0 |
|a Homocysteine
|x Pathophysiology.
|
| 650 |
|
0 |
|a Vitamin B complex
|x Physiological effect.
|
| 650 |
|
0 |
|a Cardiovascular system
|x Diseases
|x Prevention.
|
| 700 |
1 |
|
|a Colby, Victoria.
|
| 852 |
8 |
|
|b CARM
|p 0611018
|f BK
|
| 852 |
8 |
|
|b SCAN
|h A3:AG02B0
|i B12325
|p 0611018
|f BK
|
| 830 |
|
0 |
|a Good health guide
|
| 999 |
f |
f |
|i 2ffe4433-e95d-5deb-9451-79978897402e
|s 9637d1ec-3e68-5db5-92a1-7b689d54c96f
|
| 952 |
f |
f |
|p Can circulate
|a CAVAL
|b CAVAL
|c CAVAL
|d CARM 1 Store
|i book
|m 0611018
|
| 952 |
f |
f |
|a CAVAL
|b CAVAL
|c CAVAL
|d Unmapped Location
|e B12325
|f A3:AG02B0
|h Other scheme
|